<?xml version="1.0" encoding="UTF-8"?>
<record
    xmlns:xsi="http://www.w3.org/2001/XMLSchema-instance"
    xsi:schemaLocation="http://www.loc.gov/MARC21/slim http://www.loc.gov/standards/marcxml/schema/MARC21slim.xsd"
    xmlns="http://www.loc.gov/MARC21/slim">

  <leader>02021nam a22002417a 4500</leader>
  <controlfield tag="005">20220120092605.0</controlfield>
  <controlfield tag="008">220119b           ||||| |||| 00| 0 eng d</controlfield>
  <datafield tag="020" ind1=" " ind2=" ">
    <subfield code="a">9789381345559</subfield>
  </datafield>
  <datafield tag="040" ind1=" " ind2=" ">
    <subfield code="c">AL</subfield>
  </datafield>
  <datafield tag="041" ind1=" " ind2=" ">
    <subfield code="a">English</subfield>
  </datafield>
  <datafield tag="082" ind1=" " ind2=" ">
    <subfield code="2">23</subfield>
    <subfield code="a">305.420954</subfield>
    <subfield code="b">PANM</subfield>
  </datafield>
  <datafield tag="100" ind1=" " ind2=" ">
    <subfield code="a">Anandita Pan</subfield>
    <subfield code="9">13854</subfield>
  </datafield>
  <datafield tag="245" ind1=" " ind2=" ">
    <subfield code="a">Mapping Dalit Feminism</subfield>
    <subfield code="b">Towards an Intersectional Standpoint</subfield>
  </datafield>
  <datafield tag="260" ind1=" " ind2=" ">
    <subfield code="a">Los Angeles</subfield>
    <subfield code="b">Sage</subfield>
    <subfield code="c">2021</subfield>
  </datafield>
  <datafield tag="300" ind1=" " ind2=" ">
    <subfield code="a">xiv,265 p.</subfield>
    <subfield code="b">HB</subfield>
    <subfield code="c">22x14 cm.</subfield>
  </datafield>
  <datafield tag="365" ind1=" " ind2=" ">
    <subfield code="a">5227</subfield>
    <subfield code="b">&#x20B9;1199.20</subfield>
    <subfield code="c">&#x20B9;</subfield>
    <subfield code="d">&#x20B9;1499.00</subfield>
    <subfield code="e">20%</subfield>
    <subfield code="f">17-01-2022</subfield>
  </datafield>
  <datafield tag="520" ind1=" " ind2=" ">
    <subfield code="a">In this path-breaking study, a first in many ways, Anandita Pan argues that dalit women are an intersectional category, simultaneously affected by caste and gender. The use of intersectionality permits observation of the ways in which different forms of discrimination combine and overlap, challenging the apparent homogeneity of the categories &#x2018;woman&#x2019; and &#x2018;dalit&#x2019; as seen by mainstream Indian Feminism and Dalit Politics. This points to the difference between women and dalit women and the latter with dalit men, which leave them unrepresented.
The book investigates the questions of &#x2018;selfhood&#x2019;, identity, representation and epistemology which reveal the &#x2018;savarnanization&#x2019; of &#x2018;Indian woman&#x2019; and the masculinization of &#x2018;dalit&#x2019;. There is an incisive discussion of knowledge produced about dalit women and the intervention and contribution of Dalit Feminism therein. The book concludes with the question of who can be or become a dalit feminist, intriguingly, not a limited category
Contents
Foreword by J. Devika  
Preface  
Introduction   
Theorizing &#x2018;Intersectional Standpoint&#x2019;
Being a &#x2018;Dalit Woman&#x2019;
Representing a &#x2018;Dalit Woman'  
Exercising Agency   
Revisiting History   
Becoming a Dalit Feminist: Towards a Conclusion   
Appendix   
Bibliography</subfield>
  </datafield>
  <datafield tag="650" ind1=" " ind2=" ">
    <subfield code="a"> Dalit women </subfield>
    <subfield code="9">13631</subfield>
  </datafield>
  <datafield tag="650" ind1=" " ind2=" ">
    <subfield code="a">Feminism India</subfield>
    <subfield code="9">13632</subfield>
  </datafield>
  <datafield tag="650" ind1=" " ind2=" ">
    <subfield code="a">Caste-based discrimination -- India</subfield>
    <subfield code="9">13633</subfield>
  </datafield>
  <datafield tag="700" ind1=" " ind2=" ">
    <subfield code="a">PAN (Anandita)</subfield>
    <subfield code="9">13634</subfield>
  </datafield>
  <datafield tag="942" ind1=" " ind2=" ">
    <subfield code="2">ddc</subfield>
    <subfield code="c">BK</subfield>
  </datafield>
  <datafield tag="999" ind1=" " ind2=" ">
    <subfield code="c">221239</subfield>
    <subfield code="d">221239</subfield>
  </datafield>
  <datafield tag="952" ind1=" " ind2=" ">
    <subfield code="0">0</subfield>
    <subfield code="1">0</subfield>
    <subfield code="2">ddc</subfield>
    <subfield code="4">0</subfield>
    <subfield code="7">0</subfield>
    <subfield code="8">ENG</subfield>
    <subfield code="a">AL</subfield>
    <subfield code="b">AL</subfield>
    <subfield code="d">2022-01-18</subfield>
    <subfield code="e">Biblios Book Point</subfield>
    <subfield code="g">1199.00</subfield>
    <subfield code="l">3</subfield>
    <subfield code="o">305.420954 PANM</subfield>
    <subfield code="p">075363</subfield>
    <subfield code="q">2025-09-12</subfield>
    <subfield code="r">2025-08-13 10:35:42</subfield>
    <subfield code="s">2025-08-13</subfield>
    <subfield code="v">1499.00</subfield>
    <subfield code="w">2022-01-19</subfield>
    <subfield code="y">BK</subfield>
  </datafield>
</record>
